<?xml version="1.0" encoding="UTF-8"?>
<collection xmlns="http://www.loc.gov/MARC21/slim">
 <record>
  <leader>00621nam a2200205   4500</leader>
  <controlfield tag="001">000004336</controlfield>
  <controlfield tag="003">474</controlfield>
  <controlfield tag="005">20150812140843.0</controlfield>
  <controlfield tag="008">110719s                               sd</controlfield>
  <datafield tag="245" ind1="0" ind2="0">
   <subfield code="a">Cơ sở lý luận văn học</subfield>
  </datafield>
  <datafield tag="774" ind1=" " ind2=" ">
   <subfield code="d">H.</subfield>
   <subfield code="d">Đại học và trung học chuyên nghiệp</subfield>
   <subfield code="d">1980</subfield>
   <subfield code="g">Tập 1</subfield>
   <subfield code="h">477 tr.</subfield>
   <subfield code="w">477</subfield>
  </datafield>
  <datafield tag="774" ind1=" " ind2=" ">
   <subfield code="d">H.</subfield>
   <subfield code="d">Giáo dục</subfield>
   <subfield code="d">1978</subfield>
   <subfield code="g">Tập 1</subfield>
   <subfield code="h">188 tr.</subfield>
   <subfield code="t">Phần nguyên lý chung</subfield>
   <subfield code="w">6390</subfield>
  </datafield>
  <datafield tag="OWN" ind1=" " ind2=" ">
   <subfield code="a">LSP</subfield>
  </datafield>
  <datafield tag="999" ind1=" " ind2=" ">
   <subfield code="a">From the UDN01</subfield>
  </datafield>
  <datafield tag="TYP" ind1=" " ind2=" ">
   <subfield code="a">Monograph</subfield>
  </datafield>
  <datafield tag="TYP" ind1=" " ind2=" ">
   <subfield code="a">Printed language</subfield>
  </datafield>
  <datafield tag="980" ind1=" " ind2=" ">
   <subfield code="a">Mạng thư viện Đại học Đà Nẵng</subfield>
  </datafield>
 </record>
</collection>
